Essentials Of Physical Chemistry (Record no. 343054)

MARC details
000 -LEADER
fixed length control field 00491nam a2200169Ia 4500
008 - FIXED-LENGTH DATA ELEMENTS--GENERAL INFORMATION
fixed length control field 230718s9999 xx 000 0 und d
020 ## - INTERNATIONAL STANDARD BOOK NUMBER
International Standard Book Number 9788121929783
041 ## - LANGUAGE CODE
Language code of text/sound track or separate title eng
082 ## - DEWEY DECIMAL CLASSIFICATION NUMBER
Classification number 541.3
Item number BAH
100 ## - MAIN ENTRY--PERSONAL NAME
Personal name Bahl A.
245 ## - TITLE STATEMENT
Title Essentials Of Physical Chemistry
260 ## - PUBLICATION, DISTRIBUTION, ETC. (IMPRINT)
Date of publication, distribution, etc. 2016
Name of publisher, distributor, etc. S. Chand & Company Pvt. Ltd.
300 ## - PHYSICAL DESCRIPTION
Extent 1262
Accompanying material [OBSOLETE, CAN/MARC] Ref 440 G (54234)
365 ## - TRADE PRICE
Currency code Rs.
Price amount 795.00
700 ## - ADDED ENTRY--PERSONAL NAME
Personal name Bahl A.; Bahl B.S. & Tuli G.D.
906 ## - LOCAL DATA ELEMENT F, LDF (RLIN)
d O:0528130-Aug-2016B:321427-Aug-2016
c BSH
b 2893.8
Holdings
Withdrawn status Lost status Damaged status Not for loan Home library Current library Date acquired Vendor Budget Code Cost, normal purchase price Bill number Total Checkouts Full call number Barcode Date last seen Date last checked out Discount Cost, replacement price Bill Date Koha item type Original Barcode
        Cummins College of Engineering for Women Pune Cummins College of Engineering for Women Pune 30/08/2016 Vaibhav Book House BSH 572.40 3214 4 541.3 CCEP-BK-54261 24/02/2025 10/02/2025 2893.8 795.00 27/08/2016 Books 054261